|
|
|
|
| LEADER |
00000cam a2200000 a 4500 |
| 001 |
vtls010113053 |
| 003 |
SK-MaSNL |
| 005 |
20260301172545.0 |
| 008 |
240314s2010 xo a b p 000 0 hun |
| 015 |
|
|
|a SNBA2010/08-04613
|
| 020 |
|
|
|a 9788010019410
|q (brož.)
|
| 035 |
|
|
|a 625730CC-42A1-42BB-98D9-3FA35D358275
|
| 035 |
|
|
|a urn:nbn:sk:snk-amkakq
|
| 035 |
|
|
|a urn:nbn:sk:snk-am008a60
|
| 040 |
|
|
|a SNK
|b slo
|c SNK
|e AACR2
|
| 041 |
0 |
|
|a hun
|
| 044 |
|
|
|a xo
|c SK
|
| 072 |
|
7 |
|a 37.016
|x Učebné osnovy. Vyučovacie predmety. Učebnice
|2 konspekt
|
| 080 |
|
|
|a 37.016:028-028.31
|2 2001
|
| 080 |
|
|
|a 37.016:003-028.31
|2 2001
|
| 080 |
|
|
|a (075.2)
|2 2001
|
| 100 |
1 |
|
|a Hlavatá, Margita,
|d 1930-
|4 aut
|9 210879
|
| 245 |
1 |
0 |
|a Képes olvasókönyv a speciális alapiskola 2. osztálya számára
|c [Hlavatyné M. Margit, Bujnáné R. Mária ; illusztrációk: Ida Hammelová]
|
| 246 |
1 |
1 |
|a Šlabikár pre 2. ročník špeciálnych základných škôl s vyučovacím jazykom maďarským
|
| 250 |
|
|
|a 4. kiad.
|
| 260 |
|
|
|a Bratislava
|b Slovenské pedagogické nakladateľstvo
|c 2010
|
| 300 |
|
|
|a 128 s.
|b fareb. ilustr.
|c 24 cm
|
| 650 |
0 |
7 |
|a čítanie
|2 SNKPH
|9 1654
|
| 650 |
0 |
7 |
|a písanie
|2 SNKPH
|9 1728
|
| 650 |
0 |
7 |
|a Reading
|2 SNKPHeng
|9 276976
|
| 650 |
0 |
7 |
|a Writing
|2 SNKPHeng
|9 302882
|
| 655 |
|
7 |
|a učebnice špeciálnych základných škôl
|2 SNKPH
|9 70204
|
| 655 |
|
7 |
|a Textbooks (elementary)
|2 SNKPHeng
|9 276977
|
| 700 |
1 |
|
|a Bujnová, Mária,
|d 1934-
|4 aut
|9 235831
|
| 700 |
1 |
|
|a Hammelová, Ida
|4 ill
|9 231550
|
| 919 |
|
|
|a 978-80-10-01941-0
|
| 958 |
|
|
|a OND
|
| 958 |
|
|
|a HU
|
| 958 |
|
|
|a NM
|
| 968 |
|
|
|d 37
|
| 999 |
|
|
|c 833921
|d 835851
|
| 952 |
|
|
|a SNK
|b SNK
|y PREZ
|7 0
|p 17A0666377
|o snkSC 141387
|i snk2010/15986
|8 0
|0 0
|1 0
|4 0
|d 2010-07-28
|l 0
|r 2025-07-09 00:00:00
|w 2026-02-24
|
| 952 |
|
|
|a SNK
|b SNK
|y VYP
|7 0
|p 17A0666409
|o snkSC 141387 D1
|i snk2010/15987
|8 0
|0 0
|1 0
|4 0
|d 2010-07-28
|f 1
|l 0
|r 2026-02-24 03:46:26
|w 2026-02-24
|